Presidential Campaign Expenditures. hearings before the United States Senate Special Committee Investigating Presidential Campaign Expenditures, Seventieth Congress, second session, on June 23, Dec. 5, 1928. Part 4 :

June 23 hearing was held in Chicago, Ill.

Bibliographic Details
Corporate Authors: United States. Congress. Senate. Special Committee Investigating Presidential Campaign Expenditures, ProQuest (Firm)
Format: Government Document eBook
Language:English
Published: Washington : U.S. G.P.O., 1928.
Series:U.S. Congressional Hearings.
Subjects:
Online Access:Connect to the full text of this electronic book

MARC

Tag First Indicator Second Indicator Subfields
LEADER 00000cam a22000001a 4500
001 in00003176821
006 m d f
007 cr bn mmmapmmp
008 090613s1928 dcu o f000 0 eng d
005 20260504204635.8
035 |a cis2007411897 
040 |a UMI  |c UMI  |d UtOrBLW 
043 |a n-us--- 
086 0 |a Y 4.P 92:C 15/pt.4 
099 |a HRG-1928-CXB-0004 
110 1 |a United States.  |b Congress.  |b Senate.  |b Special Committee Investigating Presidential Campaign Expenditures. 
245 1 0 |a Presidential Campaign Expenditures.  |n Part 4 :  |b hearings before the United States Senate Special Committee Investigating Presidential Campaign Expenditures, Seventieth Congress, second session, on June 23, Dec. 5, 1928. 
264 1 |a Washington :  |b U.S. G.P.O.,  |c 1928. 
300 |a 1 online resource. 
336 |a text  |b txt  |2 rdacontent 
337 |a computer  |b c  |2 rdamedia 
338 |a online resource  |b cr  |2 rdacarrier 
500 |a Record is based on bibliographic data in ProQuest Congressional Hearings Digital Collection. Reuse except for individual research requires license from ProQuest, LLC. 
520 |a June 23 hearing was held in Chicago, Ill. 
538 |a System requirements: PDF reader software. 
500 |a Electronic resource. 
650 0 |a Campaign funds  |z United States. 
650 0 |a Presidents  |z United States  |x Election. 
655 7 |a Electronic books.  |2 local 
710 2 |a ProQuest (Firm) 
776 0 8 |i Print version:  |a United States. Congress. Senate. Special Committee Investigating Presidential Campaign Expenditures.  |t Presidential Campaign Expenditures 
776 0 8 |i Microfiche version:  |a United States. Congress. Senate. Special Committee Investigating Presidential Campaign Expenditures.  |t Presidential Campaign Expenditures.  |d [Bethesda, Md.] : ProQuest,[2004]  |o CIS Hrgs MF Gp 1--S314-0-D  |w (ProQuest)cis10305071 
830 0 |a U.S. Congressional Hearings. 
856 4 0 |u http://proxy.library.tamu.edu/login?url=https://congressional.proquest.com/congcomp/getdoc?HEARING-ID=HRG-1928-CXB-0004  |z Connect to the full text of this electronic book  |t 0 
998 |a cis10305071 
999 |a MARS 
999 f f |s ec04c756-3dad-311b-a434-b6a5e8746ff8  |i 4eabfec1-bcdb-31f2-a5d0-4f7a2deb79fc  |t 0 
952 f f |a Texas A&M University  |b College Station  |c Electronic Resources  |s www_evans  |d Available Online  |t 0  |e HRG-1928-CXB-0004  |h Other scheme 
998 f f |a HRG-1928-CXB-0004  |t 0  |l Available Online